P & A Swift Investments v Combined English Stores Group plc (Record no. 11422)
[ view plain ]
| 000 -LEADER | |
|---|---|
| fixed length control field | 01515cab a2200193 4500 |
| 001 - CONTROL NUMBER | |
| control field | ABS39508 |
| 008 - FIXED-LENGTH DATA ELEMENTS--GENERAL INFORMATION | |
| fixed length control field | 090401t1988 xxu||||| |||| 00| 0 eng d |
| 035 ## - SYSTEM CONTROL NUMBER | |
| System control number | (Sirsi) u17226 |
| 041 ## - LANGUAGE CODE | |
| Language code of text/sound track or separate title | eng |
| 245 ## - TITLE STATEMENT | |
| Title | P & A Swift Investments v Combined English Stores Group plc |
| 260 ## - PUBLICATION, DISTRIBUTION, ETC. | |
| Date of publication, distribution, etc. | 1988 |
| 350 ## - PRICE (NR) (BK AM CF MU VM SE) [OBSOLETE] | |
| Price | 0 |
| 490 ## - SERIES STATEMENT | |
| Series statement | Weekly Law Reports |
| Volume/sequential designation | (1988) 3 WLR 313-320(8) |
| 520 ## - SUMMARY, ETC. | |
| Summary, etc. | HL 7 July 1988 Appeal by Combined English Stores Group (C) from QBD decision giving judgement for P & A Swift Investments (P) in the sum of £4,250 together with interest being the rent arrears due under the under lease . By an underlease, premises were leased to a subsidiary of C which as surety , guaranteed the undertenant`s obligations. The original landlords were wound up voluntarily and by a conveyance the leasehold reversion expectant upon the underlease was assigned by the liquidators to P. The conveyance did not contain any specific assignment of the benefit of the surety`s covenant . The undertenant defaulted on the rent for some time and then went into creditors` voluntarily winding up. When C refused to pay the rent P commenced proceedings in QBD to recover it. The judge found for P. On appeal by C by leave of the Appeal Committee, HL held, dismissing the appeal, that where a surety guaranteed by covenant that a tenant would pay the rent, in the event of the tenant`s defaul |
| 650 ## - SUBJECT ADDED ENTRY--TOPICAL TERM | |
| Topical term or geographic name entry element | BUSINESS TENANCIES |
| 690 ## - LOCAL SUBJECT ADDED ENTRY--TOPICAL TERM (OCLC, RLIN) | |
| Topical term or geographic name as entry element | LANDLORD AND TENANT-CASE LAW-BUSINESS TENANCIES |
| 942 ## - ADDED ENTRY ELEMENTS (KOHA) | |
| Suppress in OPAC | 0 |
| 948 ## - LOCAL PROCESSING INFORMATION (OCLC); SERIES PART DESIGNATOR (RLIN) | |
| c (OCLC) | 04/03/1997 |
| Withdrawn status | Lost status | Source of classification or shelving scheme | Damaged status | Not for loan | Home library | Current library | Shelving location | Date acquired | Total Checkouts | Full call number | Barcode | Date last seen | Copy number | Price effective from | Koha item type |
|---|---|---|---|---|---|---|---|---|---|---|---|---|---|---|---|
| Dewey Decimal Classification | London | London | Journal article | 14/09/1999 | ABS39508 | 17226-1001 | 06/08/2019 | 1 | 06/08/2019 | Law report |